000 00725nam a2200265Ia 4500
008 160216s9999 xx 000 0 und d
020 _a971-086-679-6
050 _aFIL BD 450
050 _b.M46 2008 c.2
100 _aMendoza, Anna Clarissa D.
245 _aPhilosophy of man :
245 _b(towards perfection) /
245 _cAnna Clarissa D. Mendoza.
260 _aMandaluyong:
260 _bNational Book Store,
260 _c2008
300 _a196 pages :
300 _bill. ;
300 _c23 cm.
500 _aInludes bibliographical references and index.
650 _aPhilosophers --
650 _aPhilosophical anthropology.
650 _aPhilosophy introduction.
650 _xBiography.
999 _c290996
_d290996